000 00860nas a2200277 4500
001 BR8803315
003 BR-BrBNA
005 20231205091150.0
007 ta
008 230509b bl.|||p| |||| 00| 00por d
040 _aBR-BrBNA
_bpor
_cBiblioteca Nacional de Agricultura
041 _a(Pt)
072 _aE21
100 1 _aGemente, A.C.
100 1 _aFerrari, S.E.
100 1 _aLopes, C.H.
100 1 _aOliveira, E.R. de
245 1 _aAvaliacao economica comparativa entre a utilizacao agroindustrial de cana-de-acucar despontada e com ponta em destilaria de alcool
650 _aCANA DE ACUCAR
650 _aALCOOL
650 _aINDUSTRIA AGRICOLA
650 _aANALISE ECONOMICA
773 0 _tSTAB (Brazil)
_xISSN 0102-1214
_g(Mar-Apr 1985), v. 3(4) p. 27-36
_wBR8803315
909 _a202311
_bLúcia
_c55
_dLúcia Elande
942 _2AGRIS
_n0
_cANA
999 _c123262
_d123262